Budget 2000-2001: vision and illusion in fiscal correction (Record no. 44460)

000 -LEADER
fixed length control field 00657pab a2200181 454500
008 - FIXED-LENGTH DATA ELEMENTS--GENERAL INFORMATION
fixed length control field 180718b2000 xxu||||| |||| 00| 0 eng d
100 ## - MAIN ENTRY--PERSONAL NAME
Personal name Balakrishnan, Pulapre
245 ## - TITLE STATEMENT
Title Budget 2000-2001: vision and illusion in fiscal correction
260 ## - PUBLICATION, DISTRIBUTION, ETC.
Date of publication, distribution, etc. 2000
300 ## - PHYSICAL DESCRIPTION
Extent p.1137-139
362 ## - DATES OF PUBLICATION AND/OR SEQUENTIAL DESIGNATION
Dates of publication and/or sequential designation 1 Apr
520 ## - SUMMARY, ETC.
Summary, etc. In a bid to contain the fiscal deficit, the government has in this budget targeted outlay on subsidies. This note focuses on the likely consequences in the case of the food subsidy. - Reproduced
650 ## - SUBJECT ADDED ENTRY--TOPICAL TERM
Topical term or geographic name entry element Budget - India
650 ## - SUBJECT ADDED ENTRY--TOPICAL TERM
Topical term or geographic name entry element Budget
700 ## - ADDED ENTRY--PERSONAL NAME
Personal name Ramaswani, Bharat
773 ## - HOST ITEM ENTRY
Main entry heading Economic and Political Weekly
909 ## -
-- 44460
Holdings
Withdrawn status Lost status Damaged status Not for loan Permanent Location Current Location Date acquired Serial Enumeration / chronology Barcode Date last seen Price effective from Koha item type
        Indian Institute of Public Administration Indian Institute of Public Administration 2018-07-19 Volume no: 35, Issue no: 14 AR44870 2018-07-19 2018-07-19 Articles

Powered by Koha